Score 0/7 Timer 03:00
0 Plays Today
Question Answer Wrong Answers
The US Supreme Court rules that segregation on public buses is illegal, ending the bus boycott in this southern state capital.
1956
Montgomery
88.7%
Jackson
5.6%
Tallahassee
1.1%
Atlanta
4.4%
Heart of Darkness, a novella written by this author, is first published in a single volume by William Blackwood and Sons in Edinburgh.
1902
Joseph Conrad
72.1%
Charles Dickens
8.1%
J.M. Barrie
6.1%
H.G. Wells
13.5%
Riddick Bowe wins the undisputed world heavyweight boxing crown, defeating this boxer by unanimous decision.
1992
Evander Holyfield
64.1%
Buster Douglas
16.5%
Michael Spinks
14%
Wladimir Klitschko
4.1%
Hans-Adam II begins his reign as Prince Regnant of this microstate.
1989
Liechtenstein
60%
Luxembourg
29.2%
Malta
6.7%
Marshall Islands
3.1%
Purpose, the fourth album by this Canadian singer, is released.
2015
Justin Bieber
53%
Celine Dion
18.6%
Michael Bublé
18.3%
k.d. lang
8.6%
This American comedian and TV host, who began hosting his own live nightly talk show on ABC in 2003, is born in Brooklyn.
1967
Jimmy Kimmel
50.4%
Conan O'Brien
24.1%
Jimmy Fallon
21.1%
Seth Meyers
3.9%
This rapper and founding member of the Wu-Tang Clan dies in New York City at the age of 35.
2004
Ol' Dirty Bastard
30.8%
The Notorious B.I.G.
47.3%
Ghostface Killah
11.4%
Raekwon
9.1%
Remove Ads.
Support Sporcle.
Get the best of Sporcle when you Go Orange. This ad-free experience offers more features, more stats, and more fun while also helping to support Sporcle. Thank you for becoming a member.

You're not logged in!

Compare scores with friends on all Sporcle quizzes.
OR
Log In

Show Comments

Extras

Top Quizzes Today


Score Distribution

Your Account Isn't Verified!

In order to create a playlist on Sporcle, you need to verify the email address you used during registration. Go to your Sporcle Settings to finish the process.

Report this User

Report this user for behavior that violates our Community Guidelines.

Details: